Adquisición de la lectoescritura de estudiantes con trastornos específicos del lenguaje de un colegio de la Región Metropolitana

La siguiente investigación tiene como propósito comprender a través de la mirada de los docentes el proceso de lectoescritura que desarrollan los estudiantes que presentan trastornos específicos del lenguaje oral en su paso de transición de kínder a primero básico regular. Con la intención de dar re...

Full description

Bibliographic Details
Main Author: Vera Blanco, Gabriela Priscila
Other Authors: Soto Jiménez, Norma (profesora guía)
Format: Tesis
Language:Spanish
Published: Santiago, Chile: Universidad Academia de Humanismo Cristiano, 2021.
Subjects:
Online Access:Disponible en línea (PDF). Biblioteca Digital UAHC

MARC

LEADER 00000nmm a22000007a 4500
001 000321
003 UAHC_CL
005 20230821122759.0
008 230712s2021 cl o d 000 spa
040 |a UAHC_CL  |c UAHC_CL  |d UAHC_CL 
100 |9 18353  |a Vera Blanco, Gabriela Priscila 
245 1 0 |a Adquisición de la lectoescritura de estudiantes con trastornos específicos del lenguaje de un colegio de la Región Metropolitana  |c Gabriela Priscila Vera Blanco ; profesora guía Norma Soto Jiménez. 
260 |a Santiago, Chile:  |b Universidad Academia de Humanismo Cristiano,  |c 2021. 
300 |a  155 páginas. 
500 |a Tesis para optar al grado de Licenciado/a en Psicología y al título de Psicólogo/a, Mención en Trastornos Específicos del Lenguaje Oral. 
502 |a Tesis (Psicología) -- Universidad Academia de Humanismo Cristiano, 2021.  
516 |a Tesis electrónica (PDF). Solicitar envío de documento a biblioteca@academia.cl. 
520 |a La siguiente investigación tiene como propósito comprender a través de la mirada de los docentes el proceso de lectoescritura que desarrollan los estudiantes que presentan trastornos específicos del lenguaje oral en su paso de transición de kínder a primero básico regular. Con la intención de dar respuesta a una problemática que se genera en un colegio de la Región Metropolitana que presenta la modalidad pre escolar y regular en el mismo establecimiento educacional y como resultado de la modalidad una cantidad de estudiantes que no reciben sus altas fonológicas forman parte del primero básico regular, denotando mayores dificultades en el proceso lector. Para dar respuesta a la problemática se realiza la investigación a dos agentes protagonistas del proceso lector y que modelan los pasos para adquirir la lectura y escritura. Éstos agentes son las docentes que ejercen jefatura tanto en kínder de escuela de lenguaje y primero básico de modalidad regular. Que nos permiten desarrollar un recorrido en las categorías más importantes del proceso escolar: La lectoescritura, la metodología y la percepción de los procesos escolares. 
650 0 |9 3496  |a Estrategias de aprendizaje 
650 0 |9 2182  |a  Lectoescritura  |x Enseñanza básica  |x Metodología 
700 |a Soto Jiménez, Norma  |e profesora guía  |9 11693 
856 |u http://bibliotecadigital.academia.cl/xmlui/handle/123456789/6764  |y Disponible en línea (PDF). Biblioteca Digital UAHC 
900 |a TPSICO 876 
942 |c TS 
952 |0 0  |1 0  |4 0  |6 TPSICO_876_000000000000000  |7 0  |8 COMP  |9 98525  |a BC  |b BC  |c Digital  |d 2023-07-12  |l 0  |o TPSICO 876  |r 2023-07-12 00:00:00  |t 1  |w 2023-07-12  |y TS  |B PSI 
999 |c 60962  |d 60962